Čierny krčmy, reštaurácie i obchody nám ponúkajú skutočné jedy

Bibliographic Details
Main Author: Getting, Peter, 1975- (Author)
Format: Article
Language:Slovak
PhysicalDescription:Fotogr.
ISSN:1210-4040
Subjects:
Online Access:http://plus7dni.pluska.sk/plus7dni/zaujalo-nas/cierny.html

MARC

LEADER 00000nab a2200000 a 4500
001 vtls010304305
003 SK-MaSNL
005 20260303193242.0
008 110817c2011 xo wrzp 0 0slo
015 |a SNBRB2011/08  |2 rvgkpd 
038 |a RVGKPD 
040 |a RVGKPD  |b slo  |c RVGKPD  |e AACR2 
041 0 |a slo 
044 |a xo  |c SK 
080 |a 663.5  |x (437.6)  |2 1997 
100 1 |a Getting, Peter,  |d 1975-  |4 aut  |9 234075 
245 1 0 |a Čierny  |b krčmy, reštaurácie i obchody nám ponúkajú skutočné jedy  |c Peter Getting 
300 |b Fotogr. 
650 0 7 |a alkohol  |2 rvgkpd  |9 15497 
650 0 7 |a falšovanie alkoholu  |2 rvgkpd  |9 1224298 
773 0 |t Plus 7 dní  |g Roč. XX, č. 31 (2011), s. 66-69  |x 1210-4040 
852 |a RVGKPD  |b KIS3G 
856 4 1 |u http://plus7dni.pluska.sk/plus7dni/zaujalo-nas/cierny.html 
958 |a SK 
992 |a RBX 
999 |c 2151302  |d 2153232